[Event "BCF-chT 96/97"]
[Site "England"]
[Date "1997.??.??"]
[Round "6"]
[White "Baker, Chris A"]
[Black "Wilson, Jonathan"]
[Result "1/2-1/2"]
[WhiteElo "2370"]
[BlackElo "2285"]

1.e4 c5 2.Nc3 Nc6 3.Nf3 e6 4.d4 cxd4 5.Nxd4 Nf6 6.Nxc6 bxc6 7.Bd3 d5 8.O-O Be7
9.Bf4 Qb6 10.b3 Ba6 11.e5 Nd7 12.Na4 Qb7 13.c4 Nb6 14.Rb1 Qd7 15.Nb2 dxc4
16.Nxc4 Nxc4 17.bxc4 Rd8 18.Qa4 Qc8 19.Be4 O-O 20.Be3 c5 21.Rb3 Rd7 22.Rfb1 Rfd8
23.Bf3 Rd3 24.Rb8 Qxb8 25.Rxb8 Rxb8 26.h4 Rxe3 27.fxe3 Rb6 28.Be4 Bf8 29.h5 g6
30.Kh2 Bh6 31.Qd7 Bxc4 32.Qxa7 Rb2 33.Qxc5 Bxa2 34.Qa3 Re2 35.Bf3 Rc2 36.Kg3 Bd5
37.hxg6 hxg6 38.Bxd5 exd5 39.Qa8+ Kg7 40.Qxd5 Rc3 41.Qd4 Rxe3+ 42.Kf2 Kh7
43.g4 Ra3 44.Qd7 Ra2+ 45.Kf3 Ra3+ 46.Ke4 Kg7 47.Qe7 Ra4+ 48.Kf3 Rf4+ 49.Kg3 g5
50.Qb7 Kg6 51.Qc7 Bf8 52.Qc8 Bh6 53.Qc6+ Kh7 54.Qb7 Kg6 55.Qc7 Bf8 56.Qd8 Bh6
57.Qh8 Rf1 58.Qe8 Kg7 59.Qd7 Kg6 60.Qd6+ Kg7 61.Qc7 Kg8 62.Qb8+ Kh7 63.Qb7 Bg7
64.Qe7 Re1 65.Qxg5 Rxe5 66.Qd8 f6 67.Qd3+  1/2-1/2

[Event "BCF-chT 96/97"]
[Site "England"]
[Date "1997.??.??"]
[Round "6"]
[White "Nunn, John DM"]
[Black "Arakhamia, Ketevan"]
[Result "1-0"]
[WhiteElo "2605"]
[BlackElo "2455"]

1.e4 c5 2.Nf3 Nc6 3.d4 cxd4 4.Nxd4 e6 5.Nc3 d6 6.Be3 Nf6 7.Bc4 Be7 8.Qe2 O-O
9.O-O-O Qc7 10.Bb3 a6 11.Rhg1 b5 12.g4 Na5 13.g5 Nxb3+ 14.axb3 Nd7 15.f4 b4
16.Nf5 Nc5 17.Nxe7+ Qxe7 18.e5 d5 19.Qf2 Nd7 20.Na4 a5 21.Nb6 Nxb6 22.Bxb6 Re8
23.Bc5 Qc7 24.Rd3 Bb7 25.Bd6 Qc6 26.Rh3 Rec8 27.f5 d4 28.fxe6 fxe6 29.g6 hxg6
30.Rf1 Qxc2+ 31.Qxc2 Rxc2+ 32.Kxc2 Bg2 33.Rhf3  1-0

[Event "BCF-chT 96/97"]
[Site "England"]
[Date "1997.??.??"]
[Round "10"]
[White "Dickinson, Timothy R"]
[Black "Bellin, Jana"]
[Result "1-0"]
[WhiteElo "2165"]
[BlackElo "2215"]

1.e4 c5 2.Ne2 e6 3.Nbc3 Nc6 4.d4 cxd4 5.Nxd4 Qc7 6.Be2 a6 7.O-O Nf6 8.a4 Be7
9.Kh1 d6 10.f4 O-O 11.Be3 Bd7 12.Qe1 Nxd4 13.Bxd4 e5 14.fxe5 dxe5 15.Qg3 Qc6
16.Bxe5 Qe6 17.Nd5 Ne8 18.Bc4 Bh4 19.Qxh4 Qxe5 20.Ne7+ Kh8 21.Ng6+  1-0

[Event "Schachschule Erlangen op"]
[Site "Erlangen"]
[Date "1997.??.??"]
[Round "5"]
[White "Kopp, Andre"]
[Black "Heumueller, Roland"]
[Result "1-0"]
[WhiteElo "1815"]
[BlackElo "1473"]

1.e4 c5 2.Nf3 Nc6 3.d4 cxd4 4.Nxd4 e6 5.Nc3 Nf6 6.Nb3 a6 7.Be2 b5 8.a3 Bb7
9.O-O Rc8 10.Be3 Ne5 11.f3 Be7 12.Qe1 O-O 13.Qf2 Nc4 14.Bxc4 Rxc4 15.Bb6 Qc8
16.Na5 Rxc3 17.bxc3 d5 18.e5 Nd7 19.Bd4 f6 20.exf6 gxf6 21.f4 Ba8 22.Nb3 Rf7
23.Qe3 Nf8 24.Rf3 Rg7 25.Rg3 Ng6 26.Re1 Nxf4 27.Rxg7+ Kxg7 28.Qxf4 e5 29.Qg3+  1-0

[Event "DEN-chB"]
[Site "Esbjerg"]
[Date "1997.??.??"]
[Round "4"]
[White "Holst, Allan"]
[Black "Nielsen, Uffe V"]
[Result "1-0"]
[WhiteElo "2305"]
[BlackElo "2385"]

1.e4 c5 2.Nf3 e6 3.d4 cxd4 4.Nxd4 Nc6 5.Nc3 d6 6.Be2 Be7 7.O-O Nf6 8.Be3 O-O
9.Kh1 Bd7 10.Ndb5 Qb8 11.a4 Rd8 12.f4 Nb4 13.Bf3 Bc6 14.Qe2 d5 15.e5 Nd7
16.Nd4 Nf8 17.Bg4 g6 18.Rae1 Bd7 19.Qf2 Nc6 20.Ncb5 a6 21.Nd6 f5 22.Bd1 Nxd4
23.Bxd4 Bxa4 24.g4 Bxd6 25.exd6 Qxd6 26.Qh4 Rd7 27.Re5 Rf7 28.gxf5 Rxf5 29.Rfe1 Re8
30.b3 Bc6 31.Qh6 Rxe5 32.Rxe5 Qd7 33.Bg4 Qf7 34.Kg1 Bd7 35.Kf2 Rc8 36.c3 a5
37.h3 b5 38.Qg5 b4 39.Re3 h5 40.Bxh5  1-0

[Event "EUCup Gr2"]
[Site "Eupen"]
[Date "1997.??.??"]
[Round "3"]
[White "Krakops, Maris"]
[Black "Wilson, Jonathan"]
[Result "1-0"]
[WhiteElo "2530"]
[BlackElo "2315"]

1.e4 c5 2.Nf3 e6 3.Nc3 Nc6 4.d4 cxd4 5.Nxd4 Nf6 6.Ndb5 d6 7.Bf4 e5 8.Bg5 a6
9.Na3 b5 10.Nd5 Be7 11.Bxf6 Bxf6 12.c3 O-O 13.Nc2 Bg5 14.a4 bxa4 15.Rxa4 Bb7
16.Bc4 Na5 17.Ba2 Bc6 18.Ra3 Bb5 19.b3 Kh8 20.c4 Bc6 21.O-O Bb7 22.b4 Nc6
23.Qg4 Bc8 24.Qe2 Ne7 25.c5 Nxd5 26.Bxd5 Rb8 27.Qc4 dxc5 28.bxc5 Qc7 29.Nb4 Be7
30.Nd3 Bd7 31.Rc1 Bb5 32.Qc2 Bxd3 33.Rxd3 Qxc5 34.Qxc5 Bxc5 35.Rb3  1-0

[Event "Fencible Masters"]
[Site "Fencible"]
[Date "1997.??.??"]
[Round "1"]
[White "Solomon, Stephen J"]
[Black "Small, Vernon A"]
[Result "1-0"]
[WhiteElo "2395"]
[BlackElo "2330"]

1.e4 c5 2.Nf3 e6 3.d4 cxd4 4.Nxd4 Nc6 5.Nc3 a6 6.Be2 d6 7.Nxc6 bxc6 8.O-O Nf6
9.f4 d5 10.e5 Nd7 11.Be3 Bc5 12.Bxc5 Nxc5 13.b4 Nd7 14.Na4 O-O 15.Qd4 a5
16.a3 Ba6 17.Bxa6 Rxa6 18.c4 axb4 19.axb4 Qa8 20.cxd5 exd5 21.Nc5 Nxc5 22.bxc5 Rxa1
23.Rxa1 Qb7 24.f5 Re8 25.h3 h6 26.Re1 Qd7 27.g4 Qe7 28.e6 Kf8 29.Kg2 Qf6
30.Qf4 Kg8 31.Qc7 fxe6 32.Qxc6 Qb2+ 33.Kf1 Qb8 34.Rxe6 Qf4+ 35.Kg2 Qd2+ 36.Kg3 Rb8
37.Re8+ Rxe8 38.Qxe8+ Kh7 39.Qg6+ Kh8 40.Qe8+ Kh7 41.Qe7 Kh8 42.Kh4 Kh7 43.f6  1-0

[Event "FIN-chT 9798"]
[Site "Finland"]
[Date "1997.??.??"]
[Round "1"]
[White "Lahtinen, Markku"]
[Black "Rantala, Jyrki"]
[Result "0-1"]
[WhiteElo "2240"]
[BlackElo "2145"]

1.e4 c5 2.Nf3 e6 3.d4 cxd4 4.Nxd4 Nc6 5.Nc3 d6 6.Be3 Nf6 7.Be2 Be7 8.O-O O-O
9.Kh1 Bd7 10.f4 a6 11.Bd3 b5 12.Qf3 Qc7 13.Qg3 b4 14.Nce2 Qb7 15.e5 Ne8 16.Nf3 f6
17.exf6 Nxf6 18.Rae1 Rae8 19.Ng5 Bd8 20.Nd4 h6 21.Ne4 Nxe4 22.Bxe4 Rf6 23.Nf3 Bb6
24.Bc1 Qc7 25.b3 Ref8 26.Bb2 e5 27.Bxc6 Qxc6 28.fxe5 dxe5 29.Bxe5 Rg6 30.Qh4 Rg4
31.Qh5 Re4 32.h3 Rf5 33.Ng5 Rxe1 34.Rxe1 Rxg5 35.Qe2 Bf5 36.Bf4 Rg6 37.Kh2 Kh7
38.Rd1 Be4 39.g4 Re6  0-1

[Event "FIN-chT 9798"]
[Site "Finland"]
[Date "1997.??.??"]
[Round "5"]
[White "Sorsa, Nuutti"]
[Black "Rantala, Jyrki"]
[Result "1-0"]
[WhiteElo "2270"]
[BlackElo "2145"]

1.e4 c5 2.Nf3 e6 3.d4 cxd4 4.Nxd4 Nc6 5.Nc3 d6 6.g4 h6 7.Be3 Nf6 8.h3 a6
9.Qe2 Qc7 10.O-O-O Bd7 11.Bg2 O-O-O 12.f4 Kb8 13.Qf2 Ne7 14.Nb3 Nc8 15.g5 hxg5
16.fxg5 Nh5 17.Qxf7 Be7 18.Qf2 Rdf8 19.Qd2 Nb6 20.Na5 Ng3 21.Rhg1 Nc8 22.Qe1 Qxa5
23.Qxg3 Qc7 24.Kb1 Nb6 25.Bd4 Rhg8 26.h4 Nc4 27.Qd3 Rc8 28.Bf1 b5 29.Bh3 b4
30.Ne2 e5 31.Bxd7 Qxd7 32.Be3 Qb5 33.Rg3 Ka8  1-0

[Event "FIN-chT 9798"]
[Site "Finland"]
[Date "1997.??.??"]
[Round "5"]
[White "Kokkila, Tero"]
[Black "Kanko, Ilkka"]
[Result "0-1"]
[WhiteElo "2285"]
[BlackElo "2270"]

1.e4 c5 2.Nf3 e6 3.d4 cxd4 4.Nxd4 Nc6 5.Nc3 Qc7 6.Be3 a6 7.Bd3 Nf6 8.O-O Ne5
9.h3 Bc5 10.Kh1 d6 11.f4 Ned7 12.Qd2 O-O 13.a4 b6 14.Rae1 Bb7 15.Bg1 Bb4
16.e5 Nh5 17.Bh2 dxe5 18.fxe5 Nc5 19.Be2 Ne4 20.Qe3 Bxc3 21.bxc3 g6 22.Bxh5 gxh5
23.Qf4 Qc4 24.Rf3 f5 25.Qh6 Rf7 26.Nxe6 Re8 27.Ng5 Rg7 28.Nxe4 Bxe4 29.Rg3 Rxg3
30.Bxg3 Re6 31.Qf4 Rg6 32.Kh2 Qxc3 33.Re2 Qc4 34.Rd2 Qc6 35.Qf2 h4 36.Bxh4 Rxg2+
37.Qxg2+ Bxg2 38.Rxg2+ Kf7 39.Bf6 Ke6 40.Rg7 Qxc2+ 41.Kg3 Qd3+ 42.Kf4 Qe4+
43.Kg5 f4 44.Re7+ Kd5 45.Rd7+ Kc4 46.Rc7+ Kb3  0-1

[Event "Capablanca mem"]
[Site "Fortaleza"]
[Date "1997.??.??"]
[Round "6"]
[White "Roofdhooft, Marcel"]
[Black "Lucena, Lincoln"]
[Result "1/2-1/2"]
[WhiteElo "2300"]
[BlackElo "2245"]

1.e4 c5 2.Nf3 e6 3.d4 cxd4 4.Nxd4 Nc6 5.Nc3 a6 6.g3 d6 7.Bg2 Bd7 8.O-O Rc8
9.Nxc6 Bxc6 10.a4 b6 11.Qd3 Bb7 12.Rd1 Qc7 13.Be3 Nf6 14.Bf4 Qc6 15.h3 Be7
16.g4 h6 17.Qg3 e5 18.Be3 g5 19.Rd2 Qc4 20.Qf3 Qb4 21.Ra3 Qxb2 22.Rb3 Qc1+
23.Kh2 Rxc3 24.Rxc3 Qa1 25.Rc4 b5 26.axb5 axb5 27.Rc7 Qa6 28.Qf5 Kf8 29.Kg3 Ne8
30.Rc3 Bc6 31.Qf3 Kg7 32.Qd1 Qa8 33.f3  1/2-1/2

[Event "FRA-chT9697 groupe A"]
[Site "France"]
[Date "1997.??.??"]
[Round "1"]
[White "Fressinet, Laurent"]
[Black "Lejeune, Jean Pierre"]
[Result "1/2-1/2"]
[WhiteElo "2320"]
[BlackElo "2345"]

1.e4 c5 2.Nf3 e6 3.d4 cxd4 4.Nxd4 Nc6 5.Nc3 Qc7 6.Be3 a6 7.Bd3 d6 8.O-O Bd7
9.f4 Nf6 10.Qf3 Be7 11.Kh1 O-O 12.Nde2 b5 13.a3 Rfe8 14.g4 Bc8 15.g5 Nd7
16.Qh5 Nf8 17.Ng3 Bb7 18.f5 g6 19.Qh6 exf5 20.Nd5 Qd8 21.exf5 Ne5 22.f6 Bxd5+
23.Be4 Ne6 24.Bxd5 Bf8 25.Qh4 Rc8 26.c3 Nc4 27.Bd4 Nxd4 28.Bxf7+ Kxf7 29.Qxh7+ Ke6
30.cxd4 Kd5 31.Qb7+ Rc6 32.Qf7+ Kxd4 33.b4 Re3 34.Rfd1+ Kc3 35.Qxg6 Kb3 36.Qb1+ Ka4
37.Rd3 Rxd3 38.Qxd3 Nb2 39.Qf3 Rc2 40.g6 Qc7 41.Rg1 Nc4 42.Qe4 Rd2 43.Rg2 Rd1+
44.Rg1 Rd2  1/2-1/2

[Event "FRA-chT9697 groupe B"]
[Site "France"]
[Date "1997.??.??"]
[Round "1"]
[White "Guyard, Bertrand"]
[Black "Karr, Jean Philipp"]
[Result "0-1"]
[WhiteElo "2225"]
[BlackElo "2335"]

1.e4 c5 2.Nf3 e6 3.Nc3 Nc6 4.d4 cxd4 5.Nxd4 a6 6.Be2 Nge7 7.Be3 Nxd4 8.Qxd4 Nc6
9.Qd2 Be7 10.O-O b5 11.Rad1 O-O 12.f4 d6 13.Bf3 Qc7 14.Qf2 Rb8 15.Kh1 Na5
16.Qg3 b4 17.Bd4 f6 18.Ne2 e5 19.Bg1 Be6 20.Rc1 Nc4 21.b3 Nd2 22.Rfd1 Nxf3
23.gxf3 Qa5 24.f5 Bd7 25.Be3 Qxa2 26.Rg1 Rf7 27.Bh6 Bf8 28.Rg2 Rb7 29.Qh4 Qb2
30.Rcg1 Qxc2 31.Nf4 Qxb3 32.Nh5 Qxf3 33.Nxf6+ Kh8 34.Bg5 g6 35.fxg6 Bh3 36.Qxh3 Qxh3
37.gxf7 Rxf7 38.Bh6 Qf3 39.Ng4 Bxh6 40.Nxh6 Rf8 41.h3 Qxh3+ 42.Rh2 Qf3+ 43.Rhg2  0-1

[Event "FRA-chT9697 groupe A"]
[Site "France"]
[Date "1997.??.??"]
[Round "7"]
[White "Renet, Olivier"]
[Black "Lejeune, Jean Pierre"]
[Result "1-0"]
[WhiteElo "2505"]
[BlackElo "2345"]

1.e4 c5 2.Nf3 e6 3.d4 cxd4 4.Nxd4 Nc6 5.Nc3 Qc7 6.Be2 a6 7.O-O Nf6 8.Kh1 Bb4
9.Bg5 Bxc3 10.Bxf6 gxf6 11.bxc3 d6 12.f4 Bd7 13.Bh5 Ke7 14.Rb1 Rhg8 15.Bf3 Na5
16.Qe1 Rab8 17.Rd1 Nc4 18.Qf2 Rg7 19.Rde1 Rbg8 20.Rb1 Rb8 21.Rfd1 b5 22.Qh4 Nb6
23.Rd3 Na4 24.Re1 e5 25.Ne2 Be6 26.Ng3 Nc5 27.Nh5 Rg6 28.f5 Rg5 29.fxe6 Nxd3
30.Nxf6 Kxf6 31.Rf1  1-0

[Event "Frydek-Mistek (Women)"]
[Site "Frydek-Mistek"]
[Date "1997.??.??"]
[Round "?"]
[White "Ciuksyte, Dagne"]
[Black "Svobodova, Michaela"]
[Result "1-0"]
[WhiteElo "2285"]
[BlackElo "2205"]

1.e4 c5 2.Nf3 e6 3.Nc3 Nc6 4.d4 cxd4 5.Nxd4 Nf6 6.Ndb5 Bb4 7.a3 Bxc3+ 8.Nxc3 d5
9.exd5 exd5 10.Bd3 O-O 11.O-O d4 12.Ne2 Qd5 13.Nf4 Qd6 14.Re1 Rd8 15.Nh5 Ng4
16.Bf4 Qd5 17.Ng3 Nf6 18.Qd2 Bd7 19.Bg5 Ne5 20.Bxf6 Nxd3 21.cxd3 gxf6 22.Ne4 Kg7
23.Nxf6 Qf5 24.Nxd7 Rxd7 25.Rac1 Rg8 26.Re4 Kh8 27.Qf4 Qg6 28.g3 Rd5 29.Re7 Qf5
30.Rxf7 Qxf4 31.Rxf4 Re8 32.Rc7 Rb5 33.Rff7 Rxb2 34.Rxh7+ Kg8 35.Rcg7+ Kf8
36.Rf7+ Kg8 37.Rfg7+ Kf8 38.Rxb7 Rxb7 39.Rxb7 Re1+ 40.Kg2 Rd1 41.Rxa7 Rxd3
42.h4 Rb3 43.Kf1 d3 44.Ke1 Rb2 45.Rd7 Re2+ 46.Kf1 Rd2 47.Ke1 Re2+ 48.Kd1 Rxf2
49.Rxd3 Rg2 50.a4 Ke7 51.Ra3 Kd6 52.a5 Kc7 53.a6 Kb8 54.a7+ Ka8 55.Ke1 Rb2
56.Kf1 Rc2 57.h5 Rc5 58.g4 Rc4 59.g5 Rc5 60.Rg3  1-0

[Event "Frydek-Mistek (Women)"]
[Site "Frydek-Mistek"]
[Date "1997.??.??"]
[Round "?"]
[White "Jackova, Jana"]
[Black "Svobodova, Michaela"]
[Result "0-1"]
[WhiteElo "2245"]
[BlackElo "2205"]

1.e4 c5 2.Nf3 e6 3.Nc3 Nc6 4.d4 cxd4 5.Nxd4 Nf6 6.Ndb5 Bb4 7.a3 Bxc3+ 8.Nxc3 d5
9.exd5 exd5 10.Bd3 O-O 11.O-O d4 12.Ne2 Qd5 13.h3 Bf5 14.b4 Rac8 15.Bb2 Rfd8
16.Rc1 a6 17.Bxf5 Qxf5 18.Bxd4 Nd5 19.c3 Nxd4 20.cxd4 Rxc1 21.Nxc1 Nc3 22.Qd2 Nb5
23.Re1 h6 24.Nb3 Nxa3 25.Qc3 Qc2 26.Qf3 Qc6 27.d5 Qxd5 28.Re8+ Kh7 29.Rxd8 Qxd8
30.Nc5 Nb5 31.Qxf7 Qd1+ 32.Kh2 Qd6+ 33.g3 Nd4 34.Qxb7 a5 35.Qe4+ Kh8 36.Nd3 axb4
37.Ne5 Qxe5  0-1

[Event "Frydek-Mistek op-A"]
[Site "Frydek-Mistek"]
[Date "1997.??.??"]
[Round "6"]
[White "Kovalev, Andrei"]
[Black "Kalinin, Oleg"]
[Result "0-1"]
[WhiteElo "2405"]
[BlackElo "2440"]

1.e4 c5 2.Nf3 e6 3.d4 cxd4 4.Nxd4 Nc6 5.Nc3 Qc7 6.Be2 a6 7.O-O Nf6 8.Kh1 b5
9.Nxc6 dxc6 10.f4 b4 11.e5 bxc3 12.exf6 gxf6 13.b3 c5 14.Qe1 Bb7 15.Qxc3 Rg8
16.Bf3 f5 17.Qc4 O-O-O 18.Be3 Be7 19.Rae1 Rg6 20.Qe2 Rdg8 21.Rg1 h5 22.Ref1 h4
23.Bxb7+ Kxb7 24.Rf3 Qc6 25.a3 Rh8 26.Rh3 Rhg8 27.Qf2 Rg4 28.Rf3 Rh8 29.h3 Rg6
30.b4 cxb4 31.axb4 Rhg8 32.Bc5 Bd8 33.Qd4 Rxg2 34.Rxg2 Qxf3 35.Qf2 Qxh3+
36.Kg1 Qxg2+ 37.Qxg2+ Rxg2+ 38.Kxg2 Kc6 39.c4 a5 40.Kf3 Bc7 41.Be7 axb4 42.Bxb4 h3  0-1

[Event "Frydek-Mistek op (Women)"]
[Site "Frydek-Mistek"]
[Date "1997.??.??"]
[Round "8"]
[White "Sikorova, Olga"]
[Black "Blimke, Dalia"]
[Result "1-0"]
[WhiteElo "2195"]
[BlackElo "2105"]

1.e4 c5 2.Nf3 e6 3.d4 cxd4 4.Nxd4 Nc6 5.Nc3 Qc7 6.g3 a6 7.Bg2 d6 8.O-O Bd7
9.Re1 Be7 10.Nxc6 Bxc6 11.Bf4 Nf6 12.Re3 O-O 13.Rd3 Rad8 14.Qe2 b5 15.a3 Nd7
16.Rad1 Ne5 17.Rd4 Bb7 18.Bc1 Bf6 19.g4 g6 20.a4 Nc6 21.R4d3 b4 22.Nb1 Bg7
23.c3 a5 24.Rh3 d5 25.exd5 exd5 26.Bg5 Rde8 27.Qd2 d4 28.Bf6 dxc3 29.bxc3 h5
30.Bxg7 Kxg7 31.gxh5 Rd8 32.Bd5 Ne5 33.hxg6 Nf3+ 34.Rxf3 Rxd5 35.Rd3 Rfd8
36.gxf7 Qxf7 37.Qe2 Rxd3 38.Rxd3 Rxd3 39.Qxd3 bxc3 40.Qxc3+ Kf8 41.Qc5+ Ke8
42.Qe5+ Kf8 43.Qb8+ Kg7 44.Nc3 Qe7 45.Qg3+ Kh7 46.Qh3+ Kg7 47.Qe3 Qf7 48.f4 Kf8
49.Qc5+ Ke8 50.Qe5+ Kf8 51.Kf2 Qb3 52.Qf6+ Kg8 53.h4 Qb2+ 54.Ke3 Qc1+ 55.Kd4 Qd2+
56.Kc5 Qb2 57.Qd8+ Kf7 58.Qc7+ Ke8 59.Nb5 Qf2+ 60.Nd4 Bg2 61.Qe5+ Kd7 62.Qe6+ Kd8
63.Qf6+ Kd7 64.Qf7+ Kc8 65.Qe8+ Kc7 66.f5 Qg1 67.Qe5+ Kc8 68.Kb6  1-0

[Event "Geneve op"]
[Site "Geneve"]
[Date "1997.??.??"]
[Round "1"]
[White "Javet, Blaise"]
[Black "Kohlweyer, Bernd"]
[Result "0-1"]
[WhiteElo "2085"]
[BlackElo "2420"]

1.e4 c5 2.Nf3 e6 3.d4 cxd4 4.Nxd4 Nc6 5.Nc3 d6 6.Be2 Be7 7.O-O Nf6 8.Be3 O-O
9.Kh1 a6 10.f4 Bd7 11.Bd3 b5 12.e5 dxe5 13.Nxc6 Bxc6 14.fxe5 Nd5 15.Bh6 Bg5
16.Bxg7 Kxg7 17.Qh5 h6 18.Ne4 Nf4 19.Rxf4 Bxf4 20.Qg4+ Bg5 21.Nf6 Qb6 22.h4 Qe3
23.hxg5 Qxg5 24.Qxg5+ hxg5 25.Nh5+ Kh6 26.Nf6 Rh8 27.Kh2 Kg7+ 28.Kg3 Rh4
29.Re1 Rd8 30.Re2 a5 31.Re1 b4 32.Rf1 a4 33.Be2 Rd2  0-1

[Event "Gent op"]
[Site "Gent"]
[Date "1997.??.??"]
[Round "?"]
[White "Horvath, Tamas"]
[Black "Vanderstricht, Geert"]
[Result "1-0"]
[WhiteElo "2390"]
[BlackElo "2260"]

1.e4 c5 2.Nc3 Nc6 3.Nf3 e6 4.d4 cxd4 5.Nxd4 Qc7 6.f4 a6 7.Be3 d6 8.Qf3 Nf6
9.O-O-O Be7 10.g4 O-O 11.g5 Nd7 12.Rg1 Re8 13.Qh5 Nxd4 14.Bxd4 b5 15.Rd3 Bb7
16.Rh3 Nf8 17.g6 fxg6 18.Rxg6 e5 19.Rxg7+ Kxg7 20.fxe5 d5 21.e6+ Bf6 22.Qg5+  1-0

[Event "Oberliga Sued W9697"]
[Site "GER"]
[Date "1997.??.??"]
[Round "?"]
[White "Golubev, Mihail"]
[Black "Srokowski, Jaroslav"]
[Result "1/2-1/2"]
[WhiteElo "2525"]
[BlackElo "2435"]

1.e4 c5 2.Nf3 e6 3.d4 cxd4 4.Nxd4 Nc6 5.Nc3 Qc7 6.Be3 a6 7.Bd3 b5 8.Nxc6 Qxc6
9.O-O Bb7 10.a3 Nf6 11.Re1 Be7 12.Qf3 d6 13.Qh3 Nd7 14.Bd4 Bf6 15.Bxf6 Nxf6
16.e5 dxe5 17.Rxe5 O-O-O 18.Rg5 Kb8 19.Rxg7 Rhg8 20.Rxg8 Rxg8 21.f3 Qc5+
22.Kh1 Qe3 23.Rf1 Qd2 24.Rd1 Qe3 25.Rf1 Qd2 26.Rd1 Qe3  1/2-1/2

[Event "Bundesliga 9697"]
[Site "Germany"]
[Date "1997.??.??"]
[Round "?.6"]
[White "Brendel, Oliver"]
[Black "Pichler, Juergen"]
[Result "1/2-1/2"]
[WhiteElo "2430"]
[BlackElo "2400"]

1.e4 c5 2.Nc3 Nc6 3.Nf3 e6 4.d4 cxd4 5.Nxd4 Nf6 6.Ndb5 Bb4 7.a3 Bxc3+ 8.Nxc3 d5
9.exd5 exd5 10.Bd3 O-O 11.O-O d4 12.Ne4 Bf5 13.Bg5 Bxe4 14.Bxe4 Qd6 15.Bxf6 Qxf6
16.Qd3 g6 17.Qb5 Rab8 18.Rfe1 Rfd8 19.a4 Kg7 20.a5 a6 21.Qb6 Ne5 22.Qxf6+ Kxf6
23.Red1 Ke6 24.g3 b5 25.axb6 Rxb6 26.b3 f5 27.Bd3 Rdd6 28.Bf1 g5 29.f4 gxf4
30.gxf4 Ng6 31.Bc4+ Kf6 32.Rf1 Ne7 33.Ra5 Nc6 34.Rxa6 Rxa6 35.Bxa6 Nb4 36.Bd3 Rc6
37.Rb1 Nxc2 38.Rc1 Rc3 39.Rxc2 Rxd3 40.Rb2 Ke6 41.b4 Rc3 42.Kf2 Rc6 43.b5 Rb6
44.Ke2 Kd5 45.Kd3 Rh6 46.Re2 Rh3+ 47.Kd2 Kc4 48.Re5 Rxh2+ 49.Ke1 Rb2 50.Rxf5 Rxb5
51.Rf8 Kd3 52.f5 Re5+ 53.Kd1 Ra5 54.Ke1 Ra1+ 55.Kf2 Kd2 56.Rf7 Rh1 57.f6 d3
58.Rf8 Rh6 59.Kg3 Kd1 60.f7 Rf6 61.Rd8  1/2-1/2

[Event "BL2-S9798"]
[Site "Germany"]
[Date "1997.??.??"]
[Round "?.3"]
[White "Gross, David2"]
[Black "Kabatianski, Alexandr"]
[Result "1-0"]
[WhiteElo "2305"]
[BlackElo "2445"]

1.e4 c5 2.Nf3 e6 3.d4 cxd4 4.Nxd4 Nc6 5.Nc3 Qc7 6.f4 a6 7.Nxc6 bxc6 8.Bd3 d6
9.O-O Nf6 10.b3 Be7 11.Bb2 O-O 12.Qf3 e5 13.Kh1 exf4 14.Qxf4 Ng4 15.Ne2 Bf6
16.Bxf6 Nxf6 17.Qh4 Ng4 18.e5 g6 19.exd6 Qxd6 20.Ng3 f5 21.Rae1 Ra7 22.Qg5 Rg7
23.Qf4 Qd8 24.h3 Nf6 25.Bc4+ Kh8 26.Qe5 h5 27.Rd1 Rd7 28.Rxd7 Qxd7 29.Ne4 Qe8
30.Qxe8 Nxe8 31.Nc5 Nd6 32.Rd1 Nxc4 33.bxc4 f4 34.Rd6 Bf5 35.Nd3 Be4 36.Re6 Bxd3
37.cxd3 f3 38.Kg1 fxg2 39.Kxg2 Rd8 40.Rxg6 Rxd3 41.Rxc6 Rd2+ 42.Kf3 Rxa2
43.Rh6+ Kg7 44.Rxh5 a5 45.Ke4 a4 46.Ra5 a3 47.Kd4 Kf6 48.Kc3 Ke6 49.Kb4 Rb2+
50.Kxa3 Rb1 51.Rd5 Rb8 52.Ka4 Rb1 53.Rd3 Rb2 54.Ka5 Rb1 55.c5 Rb2 56.Ka6  1-0

[Event "Bundesliga 9697"]
[Site "Germany"]
[Date "1997.??.??"]
[Round "?.2"]
[White "Hoffmann, Michael"]
[Black "Huebner, Robert"]
[Result "1/2-1/2"]
[WhiteElo "2440"]
[BlackElo "2600"]

1.e4 c5 2.Nf3 e6 3.d4 cxd4 4.Nxd4 Nc6 5.Nc3 Qc7 6.Be3 a6 7.Bd3 Nf6 8.O-O Bd6
9.f4 Bc5 10.Nf5 Bxe3+ 11.Nxe3 d6 12.Kh1 b6 13.Qf3 Bb7 14.f5 Ne5 15.Qh3 Qe7
16.fxe6 fxe6 17.Nc4 b5 18.Nxe5 dxe5 19.Qg3 Qc7 20.Qh3 Qe7 21.Qg3 Qc7 22.Qh3  1/2-1/2

[Event "Bundesliga 9697"]
[Site "Germany"]
[Date "1997.??.??"]
[Round "?.2"]
[White "Emms, John M"]
[Black "Kabatianski, Alexandr"]
[Result "1/2-1/2"]
[WhiteElo "2535"]
[BlackElo "2440"]

1.e4 c5 2.Nf3 e6 3.Nc3 Nc6 4.d4 cxd4 5.Nxd4 Qc7 6.Be3 a6 7.Bd3 Nf6 8.O-O Ne5
9.h3 Bc5 10.Na4 Ba7 11.c4 d6 12.Rc1 Bd7 13.Nc3 O-O 14.b3 Nxd3 15.Qxd3 h6
16.Rfd1 Rfd8 17.Nc2 Bc5 18.Bf4 e5 19.Be3 Be6 20.b4 Bxe3 21.Nxe3 Rac8 22.Ncd5 Bxd5
23.exd5 a5 24.a3 b6 25.Nf5 Qd7 26.g4 Kh8 27.Qe3 axb4 28.axb4 Rb8 29.c5 bxc5
30.bxc5 dxc5 31.Qxe5 Re8 32.Qc3 Rbc8 33.d6 Re6 34.Re1 Rce8 35.Rxe6 fxe6 36.Nxh6 Rf8
37.g5 gxh6 38.gxf6 Qxd6 39.f7+ Qd4 40.Qxc5 Qxc5 41.Rxc5 Rxf7  1/2-1/2

[Event "Bundesliga 9697"]
[Site "Germany"]
[Date "1997.??.??"]
[Round "?.1"]
[White "Sax, Gyula"]
[Black "Kabatianski, Alexandr"]
[Result "1-0"]
[WhiteElo "2545"]
[BlackElo "2440"]

1.e4 c5 2.Nf3 e6 3.d4 cxd4 4.Nxd4 Nc6 5.Nc3 Qc7 6.Be3 Nf6 7.Bd3 a6 8.O-O Ne5
9.h3 Bc5 10.Na4 Ba7 11.c4 d6 12.Rc1 Nxd3 13.Qxd3 O-O 14.Rfd1 Bd7 15.Nc3 Rfc8
16.b3 Bc5 17.Nc2 Be8 18.Bf4 Qa5 19.Ne3 Ba3 20.Rb1 Bb4 21.Nc2  1-0

[Event "BL2-O9697"]
[Site "Germany"]
[Date "1997.??.??"]
[Round "?.5"]
[White "Kirchner, Thomas"]
[Black "Liebert, Heinz"]
[Result "1/2-1/2"]
[WhiteElo "2245"]
[BlackElo "2365"]

1.e4 c5 2.Nf3 Nc6 3.d4 cxd4 4.Nxd4 e6 5.Nc3 Qc7 6.g3 a6 7.Bg2 d6 8.O-O Bd7
9.Be3 Nf6 10.Qe2 Be7 11.Rad1 O-O 12.f4 Rac8 13.h3 b5 14.Rf2 Nxd4 15.Bxd4 Bc6
16.a3 Rfd8 17.Kh2 e5 18.Be3 exf4 19.Bxf4 Re8 20.Qd3 Rcd8 21.Nd5 Nxd5 22.exd5 Bd7
23.c3 Bf6 24.Rdf1 g6 25.Qd2 Be5 26.Bg5 f6 27.Be3  1/2-1/2

[Event "BL9697 (Women)"]
[Site "Germany"]
[Date "1997.??.??"]
[Round "?"]
[White "Kucypera, Anna"]
[Black "Borulia, Ekaterina"]
[Result "0-1"]
[WhiteElo "2020"]
[BlackElo "2360"]

1.e4 c5 2.Nf3 e6 3.d4 cxd4 4.Nxd4 Nc6 5.Nc3 Qc7 6.Be3 a6 7.Bd3 Nf6 8.O-O Ne5
9.h3 Bc5 10.f4 Nc6 11.Nf5 Qb6 12.Nd6+ Ke7 13.Bf2 Kxd6 14.e5+ Kc7 15.exf6 gxf6
16.f5 d5 17.Na4 Bxf2+ 18.Rxf2 Qd4 19.c3 Qe3 20.b4 Ne5 21.Bc2 b6 22.Qf1 Rg8
23.Kh1 Bd7 24.Re1 Qg3 25.fxe6 fxe6 26.Rxf6 Rg7 27.Qe2 Ng4 28.hxg4 Qh4+ 29.Kg1 Qxf6
30.Rf1 Qg5 31.Qf2 Bxa4 32.Qg3+ e5 33.Bxa4 Rd8 34.Rf2 Rd6 35.Be8 Rh6 36.Bf7 Qc1+
37.Rf1 Rh1+  0-1

[Event "Bundesliga 9798"]
[Site "Germany"]
[Date "1997.??.??"]
[Round "?.7"]
[White "Thiel, Thomas"]
[Black "Maiwald, Jens Uwe"]
[Result "1/2-1/2"]
[WhiteElo "2345"]
[BlackElo "2450"]

1.e4 c5 2.Nf3 e6 3.Nc3 Nc6 4.d4 cxd4 5.Nxd4 a6 6.g3 d6 7.Bg2 Bd7 8.O-O Rc8
9.h3 Be7 10.Nde2 b5 11.a3 h5 12.f4 Qb6+ 13.Kh1 Nf6 14.Qd3 Ng4 15.Nd1 b4 16.Ne3 Nxe3
17.Bxe3 Qb5 18.Qd2 a5 19.Rfc1  1/2-1/2

[Event "Bundesliga 9798"]
[Site "Germany"]
[Date "1997.??.??"]
[Round "?.6"]
[White "Chandler, Murray G"]
[Black "Heissler, Jakob"]
[Result "0-1"]
[WhiteElo "2555"]
[BlackElo "2435"]

1.e4 c5 2.Nf3 e6 3.d4 cxd4 4.Nxd4 Nc6 5.Nc3 Qc7 6.Be2 a6 7.O-O Nf6 8.Be3 Bb4
9.Na4 Be7 10.c4 Nxe4 11.Nxc6 bxc6 12.c5 Nf6 13.Re1 O-O 14.Bd3 d5 15.Bd4 Qd8
16.Re3 g6 17.Nb6 Rb8 18.Qa4 Ng4 19.Re2 Qc7 20.g3 e5 21.Rae1 Bf6 22.Bc3 e4
23.Bxf6 Nxf6 24.Bxa6 Bxa6 25.Qxa6 Ng4 26.Qa3 Ne5 27.Rd1 f5 28.Qb3 Rf7 29.Kh1 Rbf8
30.f4 exf3 31.Rf2 f4 32.g4 Nxg4 33.Rxf3 Ne5 34.Rff1 f3 35.Qe3 f2 36.Qh3 Qe7
37.Qg2 Qh4 38.a4 Nf3 39.Qg3 Qe4 40.Qg2  0-1

[Event "Bundesliga 9798"]
[Site "Germany"]
[Date "1997.??.??"]
[Round "?.5"]
[White "Tischbierek, Raj"]
[Black "Wilhelmi, Christian"]
[Result "1-0"]
[WhiteElo "2515"]
[BlackElo "2405"]

1.e4 c5 2.Nc3 e6 3.Nf3 Nc6 4.d4 cxd4 5.Nxd4 Qc7 6.f4 a6 7.Nxc6 Qxc6 8.Bd3 b5
9.Qe2 Bb7 10.Bd2 Bc5 11.O-O-O Ne7 12.Qh5 b4 13.Ne2 Qb6 14.f5 exf5 15.exf5 Bxg2
16.Rhe1 O-O-O 17.Nf4 Bc6 18.Qxf7 Rhf8 19.Qxg7 Nxf5 20.Bxf5 Rxf5 21.Qxh7 Rdf8
22.Ng6 R8f7 23.Qg8+ Kb7 24.Ne5 Rf8 25.Qh7 Qc7 26.Nxc6 dxc6 27.Qh4 a5 28.Re6 R8f7
29.Qe4 Rh5 30.Be1 Rhf5 31.Bg3 Qb6 32.Re8 Rf8 33.Rb8+ Rxb8 34.Qxf5 Rf8 35.Qe5 Ka6
36.h4 Qb5 37.Qe6 Bb6 38.Re1 a4 39.Bd6 Rd8 40.Be7 Re8 41.Qf7 Rh8 42.Bf6 Bf2
43.Bxh8 Bxe1 44.Bd4 c5 45.Qe6+ Ka7 46.Qe7+ Kb6 47.Bxc5+ Qxc5 48.Qxe1 b3 49.axb3 axb3
50.Qe6+ Ka5 51.Qe2 Qg1+ 52.Qd1 Qc5 53.Kb1 bxc2+ 54.Qxc2 Qg1+ 55.Ka2 Kb5 56.Qf5+ Kc6
57.h5 Qa7+ 58.Kb3 Qe3+ 59.Ka2 Qa7+ 60.Kb1 Qg1+ 61.Kc2 Qh2+ 62.Kb3 Qg3+ 63.Ka2 Qg8+
64.b3 Qg2+ 65.Ka3 Qd2 66.Qf6+ Kb5 67.Qe5+ Kb6 68.Qe6+ Ka5 69.Qc4 Qh2 70.b4+ Kb6
71.Qc5+ Kb7 72.Qg5 Kb6 73.Qe3+ Kb5 74.h6 Qh1 75.Qc5+ Ka6 76.Qd6+ Kb5 77.Qd7+ Kc4
78.Qc7+ Kb5 79.Qa5+ Kc4 80.Qc5+ Kd3 81.Qf5+ Kc3 82.Qf6+ Kc4 83.Qf7+ Kb5 84.Qf5+ Kc4
85.Qc2+ Kb5 86.Qd3+ Kb6 87.h7 Qa1+ 88.Kb3 Qf6 89.Qe3+ Ka6 90.Qh3 Qh8 91.Qe6+ Kb5
92.Qc4+ Kb6 93.Qc5+ Kb7 94.Qd5+ Kb6 95.Qg8 Qd4 96.h8=Q  1-0